The railways problem (Record no. 542983)

000 -LEADER
fixed length control field 00331nam a22001337a 4500
082 ## - DEWEY DECIMAL CLASSIFICATION NUMBER
Classification number 385
Author Mark RIA
-- D
110 ## - MAIN ENTRY--CORPORATE NAME
Corporate name or jurisdiction name as entry element Word band USA
9 (RLIN) 38368
245 ## - TITLE STATEMENT
Title The railways problem
260 ## - PUBLICATION, DISTRIBUTION, ETC.
Place of publication, distribution, etc. USA
300 ## - PHYSICAL DESCRIPTION
Extent 125P.:
Other physical details ill.;
526 ## - STUDY PROGRAM INFORMATION NOTE
Program name 0
Interest level 0
Reading level 0
Title point value 384_000000000000000_TEL
526 ## - STUDY PROGRAM INFORMATION NOTE
Program name 0
Interest level 0
Reading level 0
Title point value 385_000000000000000_RIA
942 ## - ADDED ENTRY ELEMENTS (KOHA)
Source of classification or shelving scheme
Koha item type Book
Holdings
Withdrawn status Lost status Source of classification or shelving scheme Damaged status Not for loan Permanent Location Current Location Date acquired Total Checkouts Full call number Barcode Date last seen Price effective from Koha item type
          Military College of Engineering (MCE) Military College of Engineering (MCE) 02/27/2014   384 TEL MCE-42498 02/27/2014 02/27/2014 Book
          Military College of Engineering (MCE) Military College of Engineering (MCE) 02/27/2014   385 RIA MCE-43217 02/27/2014 02/27/2014 Book
© 2023 Central Library, National University of Sciences and Technology. All Rights Reserved.